| 000 | 01047nac a22003497a 4500 | ||
|---|---|---|---|
| 001 | BR2018002309 | ||
| 003 | BR-BrBNA | ||
| 005 | 20240105124054.0 | ||
| 008 | 230509b bl.|||m| |||| 00| 0 por d | ||
| 040 |
_aBR-BrBNA _bpor _cBiblioteca Nacional de Agricultura |
||
| 072 | _aH10 | ||
| 090 | _a0810 BR2018002309 | ||
| 100 | 1 | _aBraga Sobrinho, R. | |
| 100 | 1 | _aGuimarães, J.A. | |
| 100 | 1 | _aAraújo, E.L. | |
| 100 | 1 | _aAssis, J.S. de | |
| 100 | 1 | _aMoreira, M.A.B. | |
| 100 | 1 | _aMacedo, L.P.M. | |
| 100 | 1 | _aMesquita, A.L.M. | |
| 110 | 1 |
_aEMBRAPA Agroindústria Tropical, Fortaleza, CE (Brasil) _93541 |
|
| 245 | 1 | _aMonitoramento de pragas na produção integrada do meloeiro | |
| 260 | 3 |
_aFortaleza, CE (Brasil): _c2007. |
|
| 300 | _a22 p. | ||
| 490 |
_aDocumentos - EMBRAPA Agroindústria Tropical (Brazil) _vno. 69 _x1677-1915 |
||
| 500 | _a5 ref.; 7 illus. | ||
| 650 | _aMELÃO | ||
| 650 | _aMOSCA | ||
| 650 | _aPULGÃO | ||
| 650 | _aBROCA | ||
| 909 |
_a202312 _bLúcia Elande _c55 _dLúcia Elande |
||
| 942 |
_2AGRIS _n0 _cMS |
||
| 999 |
_c298245 _d298245 |
||